APEC Schools

Traditions revitalized (Record no. 7971)

000 -LEADER
fixed length control field nam a22 7a 4500
005 - DATE AND TIME OF LATEST TRANSACTION
control field 20190910024600.0
008 - FIXED-LENGTH DATA ELEMENTS--GENERAL INFORMATION
fixed length control field 190910b xxu||||| |||| 00| 0 eng d
020 ## - IDENTIFIER FOR THE MANIFESTATION
Identifier for the Manifestation 9718546103
Binding paperback
040 ## - CATALOGING SOURCE
Language of Cataloging eng
Transcribing Agency APEC Schools Library
Description Conventions rda
082 ## - DEWEY DECIMAL CLASSIFICATION NUMBER
Classification number C 302.230959
Author's Number T763 1991
245 ## - TITLE AND STATEMENT OF RESPONSIBILITY
Preferred Title Proper Traditions revitalized
264 ## - PUBLICATION STATEMENT
Place of publication, distribution, etc Jakarta, Indonesia :
Publisher's Name/Parallel Publisher's Name ASEAN Committee on Culture and Information,
Copyright ©1991.
300 ## - PHYSICAL DESCRIPTION
Extent 231 pages ;
336 ## - RDA CONTENT
Source rdacontent
Content Type text
337 ## - RDA MEDIA
Source rdamedia
Media Type unmediated
338 ## - RDA CARRIER
Source rdacarrier
Carrier Type volume
504 ## - BIBLIOGRAPHY, ETC. NOTE
Bibliography, etc Includes index.
651 ## - ADDED SUBJECT ACCESS POINT - GEOGRAPHIC NAME
Topical Term Southeast Asia.
942 ## - ADDED ENTRY ELEMENTS (KOHA)
Source of Classification
Koha Item Type Non Fiction
Holdings
Library Site Location Shelving Location Source of Acquisition Full Classification Number Accession Number Koha Item Type
APEC Marikina Heights Library APEC Marikina Heights Library Circulation Donation C 302.230959 T763 1991 A08-0000042D Non Fiction

Powered by Koha